000 01329cam a2200157 4500500
005 20260222003232.0
041 _afre
042 _adc
100 1 0 _aVidjingninou, Fiacre
_eauthor
245 0 0 _aPages de début
260 _c2025.
500 _a52
520 _aCinq ans ont passé depuis ce matin d’août 2020, où le colonel Goïta prenait le pouvoir à Bamako. Aujourd’hui, les trois pays de l’Alliance des États du Sahel dressent un bilan en demi-teinte. Le grand virage stratégique – rupture avec l’Occident, basculement vers Moscou – n’a pas tenu toutes ses promesses. Cette étude plonge au cœur de cette mutation, en croisant les données de terrain, les dynamiques institutionnelles et les jeux géopolitiques. Elle prend acte, d’emblée, de la légitimité de cette soif de sécurité qui a porté les militaires au pouvoir, tout en mesurant sans complaisance ce qu’ils ont réellement accompli et en traçant des voies de sortie de crise. L’enquête s’appuie sur des sources ouvertes, des données chiffrées (ACLED, OCHA) et des entretiens menés sur place, auprès d’acteurs civils comme militaires.
786 0 _nCommentaire | 192 | 4 | 2025-12-02 | p. 720-723 | 0180-8214
856 4 1 _uhttps://shs.cairn.info/revue-commentaire-2025-4-page-720?lang=fr&redirect-ssocas=7080
999 _c1667284
_d1667284